| 000 | 00349 a2200133 4500 | ||
|---|---|---|---|
| 005 | 20250508082340.0 | ||
| 082 | _a658.3 YOD | ||
| 100 | _aYODER, D. | ||
| 245 | _aPersonnel Management and Industrial Relations. | ||
| 250 | _a5th Ed | ||
| 260 |
_aLondon, _bPitman, _c1967. |
||
| 300 |
_aXviii, 667p.: ill.; figure, table _bIndex _c23cm. |
||
| 942 |
_2ddc _cBKS |
||
| 999 |
_c2153 _d2153 |
||